000
00305nam a22001337a 4500
008
170830b xxu||||| |||| 00| 0 eng d
020
_a
9780766820791
041
_a
eng
080
_a
070
100
_a
40
101
_a
MED
245
_a
UNDERSTANDING DIGITAL PHOTOGRAPHY
_c
IPPOLITO,J,A
942
_2
udc
_c
BK
999
_c
25662
_d
25662